Statistics for Musical Acts by Letter - R

Click here to take the quiz!

General Stats

  • This quiz has been taken 45,697 times
    (9,386 since last reset)
  • The average score is 12 of 20

Answer Stats

Years Active Country Songs Band or Artist % Correct
2005 -Disturbia | We Found LoveRihanna
93%
1991 -
Livin' la Vida Loca | She BangsRicky Martin
83%
1964 -(I Can't Get No) Satisfaction | Start Me UpThe Rolling Stones
80%
1984 -Under the Bridge | CalifornicationRed Hot Chili Peppers
80%
1983 - 2011Losing My Religion | Shiny Happy PeopleR.E.M.
79%
1987 -Never Gonna Give You Up | Together ForeverRick Astley
77%
1993 -Creep | Karma PoliceRadiohead
72%
2003 -Blurred Lines | Lost Without YouRobin Thicke
71%
1969 -Maggie May | Da Ya Think I'm Sexy?Rod Stewart
59%
1984 - 2002It's Tricky | Walk This WayRun-D.M.C.
55%
1956 - 1988Oh, Pretty Woman | Blue BayouRoy Orbison
51%
1976 - 1996I Wanna Be Sedated | Blitzkrieg BopThe Ramones
50%
1995 -Du hast | SonneRammstein
48%
1978 - 2004Super Freak | Give It to Me BabyRick James
39%
1954 - 2004Hit the Road Jack | I Got a WomanRay Charles
39%
1971 -Can't Fight This Feeling | Keep On Loving YouREO Speedwagon
38%
1972 -Jessie's Girl | Affair of the HeartRick Springfield
37%
1974 - 2018Tom Sawyer | The Spirit of RadioRush
37%
1958 - 1959La Bamba | DonnaRitchie Valens
35%
1968 -You've Got a Friend in Me | I Love L.A.Randy Newman
29%

Score Distribution

Percentile by Number Answered

Percent of People with Each Score

Your Score History

You have not taken this quiz since the last reset